[Event "Leipzig VfB op 25th"]
[Site "Leipzig"]
[Date "2018.03.21"]
[Round "2"]
[White "Heinsohn, Guenter"]
[Black "Podolnyy, Jakiv"]
[Result "1-0"]
[WhiteElo "2106"]
[BlackElo "1924"]
[PlyCount "83"]
[EventDate "2018.03.20"]
[EventType "swiss"]
[EventRounds "9"]
[EventCountry "GER"]
[SourceTitle "CBM 183 Extra"]
[Source "ChessBase"]
[SourceDate "2018.04.19"]
[SourceVersion "1"]
[SourceVersionDate "2018.04.19"]
[SourceQuality "1"]

1. c4 Nf6 2. Nf3 e6 3. Nc3 d5 4. cxd5 exd5 5. d4 h6 6. Bf4 c6 7. Qc2 Bb4 8. e3 Ne4 9. Bd3 Nxc3 10. bxc3 Bd6 11. Ne5 0-0 12. Rb1 c5 13. 0-0 c4 14. Bh7+ Kh8 15. Bf5 Bxe5 16. Bxe5 Nc6 17. Bg3 Ne7 18. Bxc8 Qxc8 19. e4 Qd7 20. f3 b5 21. Qb2 a6 22. a4 dxe4 23. fxe4 Qe6 24. axb5 axb5 25. Qxb5 Ra2 26. Rbe1 Ra3 27. d5 Qc8 28. Bd6 Rb3 29. Qc5 Qxc5+ 30. Bxc5 Re8 31. d6 Nc6 32. Rxf7 Rb5 33. Bd4 Nxd4 34. cxd4 c3 35. Rc7 Rb4 36. d7 Rg8 37. e5 Rxd4 38. e6 c2 39. Rxc2 Kh7 40. Rc8 Rd6 41. Rxg8 Kxg8 42. e7 1-0

[Event "Leipzig VfB op 24th"]
[Site "Leipzig"]
[Date "2017.03.25"]
[Round "7"]
[White "Podolnyy, Jakiv"]
[Black "Graupner, Thomas"]
[Result "0-1"]
[WhiteElo "1952"]
[BlackElo "1811"]
[PlyCount "112"]
[EventDate "2017.03.21"]
[EventType "swiss"]
[EventRounds "9"]
[EventCountry "GER"]
[SourceTitle "EXT 2018"]
[Source "ChessBase"]
[SourceDate "2017.10.13"]
[SourceVersion "1"]
[SourceVersionDate "2017.10.13"]
[SourceQuality "1"]

1. e4 c5 2. Nf3 Nc6 3. d4 cxd4 4. Nxd4 e6 5. Nc3 a6 6. Be3 Nge7 7. Be2 Nxd4 8. Bxd4 Nc6 9. Be3 b5 10. a3 Bb7 11. 0-0 Rc8 12. f4 Na5 13. Rb1 Nc4 14. Bd4 Bc5 15. Bxc5 Rxc5 16. Qd4 Qb6 17. Kh1 e5 18. fxe5 Rxe5 19. Qxb6 Nxb6 20. Rf5 d6 21. Rd1 Ke7 22. Rxe5+ dxe5 23. Bg4 Rd8 24. Rxd8 Kxd8 25. b3 Ke7 26. Kg1 Bc6 27. Kf2 Nd7 28. Ke3 Nc5 29. Bc8 a5 30. Bg4 Kd6 31. Be2 b4 32. axb4 axb4 33. Na2 Bxe4 34. Nxb4 Bxg2 35. Nd3 Ne6 36. c3 f5 37. b4 g5 38. Nb2 Nf4 39. Nc4+ Kd5 40. Nb6+ Kc6 41. Nc4 Nxe2 42. Kxe2 e4 43. Kf2 Bh3 44. Kg3 Bf1 45. Ne3 f4+ 46. Kf2 Bd3 47. Ng4 Kd5 48. b5 Bxb5 49. Nf6+ Ke5 50. Nxh7 e3+ 51. Ke1 Kf5 52. h3 f3 53. c4 Bxc4 54. Nxg5 Kxg5 55. h4+ Kxh4 56. Kd1 f2 0-1

[Event "Leipzig VfB op 24th"]
[Site "Leipzig"]
[Date "2017.03.25"]
[Round "9"]
[White "Podolnyy, Jakiv"]
[Black "Kielstein, Hans"]
[Result "0-1"]
[WhiteElo "1952"]
[BlackElo "1786"]
[PlyCount "104"]
[EventDate "2017.03.21"]
[EventType "swiss"]
[EventRounds "9"]
[EventCountry "GER"]
[SourceTitle "EXT 2018"]
[Source "ChessBase"]
[SourceDate "2017.10.13"]
[SourceVersion "1"]
[SourceVersionDate "2017.10.13"]
[SourceQuality "1"]

1. e4 e5 2. Nf3 Nc6 3. Bc4 Bc5 4. c3 Qe7 5. d4 Bb6 6. d5 Nd8 7. a4 a6 8. a5 Ba7 9. b3 d6 10. h3 Nf6 11. Qe2 0-0 12. Nh4 Nxd5 13. Nf5 Bxf5 14. exf5 Nf6 15. Bg5 h6 16. Bh4 c6 17. b4 d5 18. Ba2 e4 19. 0-0 Qe5 20. Bxf6 Qxf6 21. Qg4 Qg5 22. Qxg5 hxg5 23. Na3 Re8 24. Nc2 Kf8 25. Rfe1 f6 26. Rad1 Nf7 27. Nd4 Bxd4 28. Rxd4 Nd6 29. c4 Nxf5 30. Rdd1 dxc4 31. Rd7 Re7 32. Rxe7 Nxe7 33. Rxe4 c3 34. Re3 Nd5 35. Bxd5 cxd5 36. Rxc3 Rd8 37. Kf1 Rd7 38. Ke2 Ke7 39. Kd3 Kd6 40. Kd4 Re7 41. Re3 Rxe3 42. fxe3 f5 43. g3 g6 44. Kc3 Ke5 45. Kd3 f4 46. exf4+ gxf4 47. gxf4+ Kxf4 48. Kd4 Kg3 49. Kc5 d4 50. b5 d3 51. Kb6 axb5 52. Kxb7 d2 0-1

[Event "Leipzig VfB op 24th"]
[Site "Leipzig"]
[Date "2017.03.24"]
[Round "6"]
[White "Heinsohn, Guenter"]
[Black "Podolnyy, Jakiv"]
[Result "1-0"]
[WhiteElo "2117"]
[BlackElo "1952"]
[PlyCount "73"]
[EventDate "2017.03.21"]
[EventType "swiss"]
[EventRounds "9"]
[EventCountry "GER"]
[SourceTitle "EXT 2018"]
[Source "ChessBase"]
[SourceDate "2017.10.13"]
[SourceVersion "1"]
[SourceVersionDate "2017.10.13"]
[SourceQuality "1"]

1. e4 e5 2. Bc4 Nf6 3. d3 c6 4. Nf3 h6 5. Bb3 d6 6. 0-0 a5 7. c3 Nbd7 8. a4 Nc5 9. Bc2 Be7 10. Nbd2 Qc7 11. Re1 0-0 12. Nf1 Bg4 13. h3 Bd7 14. Ng3 Rad8 15. d4 Ne6 16. Nf5 Bc8 17. Be3 Nf4 18. Nxe7+ Qxe7 19. Bxf4 exf4 20. Qd2 g5 21. e5 dxe5 22. Rxe5 Qd6 23. h4 g4 24. Qxf4 gxf3 25. Qxh6 Ne4 26. Qh5 Qg6 27. Rg5 Qxg5 28. hxg5 Rfe8 29. g6 fxg6 30. Qxg6+ Kf8 31. Bxe4 Re6 32. Qf5+ Ke7 33. Qxf3 Rf8 34. Qd3 Rh6 35. Re1 Kd6 36. Qg3+ Kd7 37. Qg7+ 1-0

[Event "Leipzig VfB op 23rd"]
[Site "Leipzig"]
[Date "2016.03.17"]
[Round "4"]
[White "Krongraf, Henryk"]
[Black "Podolnyy, Jakiv"]
[Result "0-1"]
[WhiteElo "1738"]
[BlackElo "1983"]
[PlyCount "52"]
[EventDate "2016.03.15"]
[EventType "swiss"]
[EventRounds "9"]
[EventCountry "GER"]
[SourceTitle "EXT 2017"]
[Source "ChessBase"]
[SourceDate "2016.10.25"]
[SourceVersion "1"]
[SourceVersionDate "2016.10.25"]
[SourceQuality "1"]

1. d4 d5 2. Nc3 Nf6 3. Bg5 Ne4 4. Nxe4 dxe4 5. g3 c6 6. Bg2 Qb6 7. Bc1 Bf5 8. e3 Nd7 9. Ne2 Nf6 10. 0-0 Rd8 11. c3 e5 12. Qb3 Bd6 13. Rd1 0-0 14. Bd2 Bg4 15. Qxb6 axb6 16. Kf1 exd4 17. exd4 h6 18. h3 Be6 19. Nf4 Bc4+ 20. Kg1 g5 21. b3 Ba6 22. c4 gxf4 23. gxf4 Rde8 24. Re1 Kh8 25. Kh1 Kh7 26. Re3 Bxf4 0-1

[Event "Leipzig VfB op 23rd"]
[Site "Leipzig"]
[Date "2016.03.16"]
[Round "3"]
[White "Podolnyy, Jakiv"]
[Black "Spreer, Lutz"]
[Result "0-1"]
[WhiteElo "1983"]
[BlackElo "1628"]
[PlyCount "68"]
[EventDate "2016.03.15"]
[EventType "swiss"]
[EventRounds "9"]
[EventCountry "GER"]
[SourceTitle "EXT 2017"]
[Source "ChessBase"]
[SourceDate "2016.10.25"]
[SourceVersion "1"]
[SourceVersionDate "2016.10.25"]
[SourceQuality "1"]

1. e4 d5 2. exd5 Nf6 3. Bb5+ Bd7 4. Bc4 c6 5. dxc6 Nxc6 6. Nf3 Bg4 7. h3 Bh5 8. c3 e5 9. d3 Bc5 10. b4 e4 11. bxc5 exf3 12. g4 Qe7+ 13. Be3 Bg6 14. Qxf3 Rd8 15. 0-0 Bxd3 16. Bxd3 Rxd3 17. Qf5 Ne5 18. Na3 g6 19. Qf4 Nd5 20. Qa4+ Nc6 21. Bd4 0-0 22. f3 Qh4 23. Qc2 Nf4 24. Qh2 Nxh3+ 25. Kh1 Nxd4 26. cxd4 Rxa3 27. Kg2 Rd3 28. Kh1 Re8 29. Rab1 Rde3 30. Rb2 Re1 31. Rxe1 Rxe1+ 32. Kg2 Rg1+ 33. Qxg1 Nxg1 34. Kxg1 Qg3+ 0-1

[Event "Leipzig VfB op 23rd"]
[Site "Leipzig"]
[Date "2016.03.15"]
[Round "1"]
[White "Podolnyy, Jakiv"]
[Black "Ortlepp, Konstanze"]
[Result "1-0"]
[WhiteElo "1983"]
[BlackElo "1603"]
[PlyCount "105"]
[EventDate "2016.03.15"]
[EventType "swiss"]
[EventRounds "9"]
[EventCountry "GER"]
[SourceTitle "EXT 2017"]
[Source "ChessBase"]
[SourceDate "2016.10.25"]
[SourceVersion "1"]
[SourceVersionDate "2016.10.25"]
[SourceQuality "1"]

1. e4 e5 2. Nf3 Nc6 3. Bc4 Nf6 4. Ng5 d5 5. exd5 b5 6. Bb3 Nd4 7. c3 Nxb3 8. Qxb3 Qxd5 9. Qxd5 Nxd5 10. 0-0 Bd6 11. d4 exd4 12. Re1+ Ne7 13. cxd4 0-0 14. Nc3 Bd7 15. a3 Rfe8 16. Nf3 a6 17. Bd2 f6 18. Ne4 Nd5 19. Rac1 Rac8 20. h3 Nb6 21. Nxd6 cxd6 22. Bb4 d5 23. b3 Bf5 24. Rxe8+ Rxe8 25. Rc6 Nd7 26. Rxa6 Be6 27. g4 Kf7 28. Kg2 Nb8 29. Ra7+ Kg6 30. Nh4+ Kh6 31. Bd2+ g5 32. Nf3 f5 33. Nxg5 Kg6 34. Kg3 h6 35. Nf3 fxg4 36. Ne5+ Kf6 37. hxg4 h5 38. gxh5 Rg8+ 39. Kf3 Rc8 40. Rb7 Nc6 41. Nxc6 Rxc6 42. Rxb5 Ra6 43. a4 Bd7 44. Rb8 Bf5 45. a5 Be4+ 46. Kf4 Bd3 47. b4 Re6 48. Kg3 Ra6 49. b5 Ra7 50. Rb6+ Ke7 51. a6 Ra8 52. Bg5+ Kd7 53. h6 1-0

[Event "GER-ch Seniors 23rd"]
[Site "Halle"]
[Date "2011.08.10"]
[Round "6"]
[White "Podolnyy, Jakiv"]
[Black "Badestein, Hartmut"]
[Result "1/2-1/2"]
[WhiteElo "1964"]
[BlackElo "2133"]
[PlyCount "52"]
[EventDate "2011.08.05"]
[EventType "swiss"]
[EventRounds "9"]
[EventCountry "GER"]
[SourceTitle "CBM 144 Extra"]
[Source "ChessBase"]
[SourceDate "2011.10.28"]
[SourceVersion "1"]
[SourceVersionDate "2011.10.28"]
[SourceQuality "1"]

1. e4 c5 2. Nf3 e6 3. d4 cxd4 4. Nxd4 Nc6 5. Nxc6 bxc6 6. Bc4 d5 7. exd5 exd5 8. Bb3 Nf6 9. 0-0 Be7 10. c3 0-0 11. Bf4 Bd6 12. Bg5 Be7 13. Nd2 Bb7 14. Nf3 Ne4 15. Be3 Bc5 16. Re1 Qb6 17. Rc1 Rad8 18. Bxc5 Qxc5 19. Qd4 Qxd4 20. Nxd4 Nd2 21. Red1 Nxb3 22. axb3 f5 23. f4 h6 24. Ra1 a6 25. b4 g5 26. fxg5 hxg5 1/2-1/2

[Event "GER-ch Seniors 23rd"]
[Site "Halle"]
[Date "2011.08.06"]
[Round "2"]
[White "Podolnyy, Jakiv"]
[Black "Botwinovskyy, Borys"]
[Result "1/2-1/2"]
[WhiteElo "1964"]
[BlackElo "1847"]
[PlyCount "32"]
[EventDate "2011.08.05"]
[EventType "swiss"]
[EventRounds "9"]
[EventCountry "GER"]
[SourceTitle "CBM 144 Extra"]
[Source "ChessBase"]
[SourceDate "2011.10.28"]
[SourceVersion "1"]
[SourceVersionDate "2011.10.28"]
[SourceQuality "1"]

1. e4 d6 2. c4 Nf6 3. Nc3 g6 4. d4 Bg7 5. Nf3 0-0 6. h3 c6 7. Be3 Qc7 8. Qd2 Nbd7 9. Bh6 e5 10. Bxg7 Kxg7 11. dxe5 Nxe5 12. Be2 Nxf3+ 13. Bxf3 Be6 14. b3 Rad8 15. 0-0 Ne8 16. Rac1 Qe7 1/2-1/2

[Event "Leipzig VfB op 16th"]
[Site "Leipzig"]
[Date "2009.04.05"]
[Round "9"]
[White "Podolnyy, Jakiv"]
[Black "Dunne, Paul"]
[Result "0-1"]
[WhiteElo "2022"]
[BlackElo "1840"]
[PlyCount "72"]
[EventDate "2009.03.31"]
[EventType "swiss"]
[EventRounds "9"]
[EventCountry "GER"]
[SourceTitle "EXT 2010"]
[Source "ChessBase"]
[SourceDate "2010.11.25"]
[SourceVersion "1"]
[SourceVersionDate "2010.11.25"]
[SourceQuality "1"]

1. e4 e5 2. Nf3 Nc6 3. Bc4 Nf6 4. d4 exd4 5. 0-0 Bc5 6. e5 d5 7. exf6 dxc4 8. Re1+ Kf8 9. Bg5 Qd5 10. Qd2 h5 11. Qf4 Qf5 12. fxg7+ Kxg7 13. Qxc7 Be6 14. Nbd2 Bd5 15. Qf4 Qxf4 16. Bxf4 Rae8 17. a3 d3 18. Rac1 c3 19. bxc3 Bxa3 20. cxd3 Bxc1 21. Rxc1 f6 22. c4 Bxf3 23. Nxf3 Rd8 24. Rc3 a6 25. Be3 Rhe8 26. d4 Nxd4 27. Nxd4 Rxd4 28. g3 Rd1+ 29. Kg2 Rb1 30. Rd3 a5 31. c5 Re4 32. Rd6 a4 33. Bd4 a3 34. Bxf6+ Kf7 35. Kf3 Re6 36. Bd4 Rxd6 0-1

[Event "Leipzig VfB op 16th"]
[Site "Leipzig"]
[Date "2009.04.03"]
[Round "6"]
[White "Schuetzhold, Frank"]
[Black "Podolnyy, Jakiv"]
[Result "1/2-1/2"]
[WhiteElo "1898"]
[BlackElo "2022"]
[PlyCount "74"]
[EventDate "2009.03.31"]
[EventType "swiss"]
[EventRounds "9"]
[EventCountry "GER"]
[SourceTitle "EXT 2010"]
[Source "ChessBase"]
[SourceDate "2010.11.25"]
[SourceVersion "1"]
[SourceVersionDate "2010.11.25"]
[SourceQuality "1"]

1. b3 Nf6 2. Bb2 g6 3. e4 d6 4. g3 Bg7 5. Bg2 e5 6. Ne2 Nc6 7. c4 Bg4 8. f3 Be6 9. d4 exd4 10. Nxd4 Nxd4 11. Qxd4 0-0 12. 0-0 Qd7 13. Nc3 c6 14. Rad1 Ne8 15. Qe3 Qc7 16. Rd2 Qb6 17. Qxb6 axb6 18. Rfd1 Bf6 19. Na4 Bd8 20. Bd4 c5 21. Be3 Bxc4 22. e5 Be6 23. exd6 Kg7 24. Nc3 Nf6 25. h3 Bd7 26. g4 h6 27. f4 Re8 28. Re2 Rb8 29. g5 Ng8 30. Nd5 hxg5 31. Nc7 Rf8 32. fxg5 f6 33. gxf6+ Nxf6 34. Bg5 Rf7 35. Ne6+ Bxe6 36. Rxe6 Ng8 37. Bxd8 Rxd8 1/2-1/2

[Event "Leipzig VfB op 16th"]
[Site "Leipzig"]
[Date "2009.04.01"]
[Round "2"]
[White "Eichner, Sebastian"]
[Black "Podolnyy, Jakiv"]
[Result "1-0"]
[WhiteElo "2326"]
[BlackElo "2022"]
[PlyCount "123"]
[EventDate "2009.03.31"]
[EventType "swiss"]
[EventRounds "9"]
[EventCountry "GER"]
[SourceTitle "EXT 2010"]
[Source "ChessBase"]
[SourceDate "2010.11.25"]
[SourceVersion "1"]
[SourceVersionDate "2010.11.25"]
[SourceQuality "1"]

1. Nf3 d5 2. d4 Nf6 3. c4 dxc4 4. e3 e6 5. Bxc4 c5 6. 0-0 a6 7. a4 Nc6 8. Qe2 Be7 9. Rd1 cxd4 10. exd4 0-0 11. Nc3 Nb4 12. Ne5 Nbd5 13. Bg5 h6 14. Bh4 Re8 15. Qf3 Qa5 16. Bxd5 exd5 17. Bxf6 Bxf6 18. Qxd5 Qc7 19. f4 Be6 20. Qf3 Bb3 21. Rd3 Rad8 22. Kh1 Qb6 23. Ne4 Bd5 24. Nxf6+ Qxf6 25. Qg3 Be4 26. Rd2 Rd6 27. Rad1 Red8 28. Qe3 Bd5 29. h3 Re6 30. Kh2 Qf5 31. g4 Qf6 32. f5 Rb6 33. Rg1 Rb3 34. Qf2 Qg5 35. Re2 Qf6 36. h4 Qd6 37. g5 h5 38. Rg3 Rxg3 39. Qxg3 Rc8 40. Nd3 Qd7 41. Qe5 Bf3 42. Nc5 Qc6 43. g6 Bxe2 44. gxf7+ Kxf7 45. Ne6 Rg8 46. Qxe2 Qd6+ 47. Kh3 Rh8 48. Qg2 Rg8 49. Qxb7+ Kf6 50. Ng5 Qe7 51. Qc6+ Kxf5 52. Qd5+ Kg6 53. Qxg8 Qe3+ 54. Kg2 Qe2+ 55. Kg3 Qg4+ 56. Kh2 Qxh4+ 57. Nh3 Qxd4 58. Qe8+ Kh6 59. Qc6+ g6 60. Qc1+ Kh7 61. Ng5+ Kg8 62. Qc8+ 1-0

[Event "Leipzig VfB op 16th"]
[Site "Leipzig"]
[Date "2009.03.31"]
[Round "1"]
[White "Podolnyy, Jakiv"]
[Black "Langer, Stefan"]
[Result "1-0"]
[WhiteElo "2022"]
[BlackElo "1542"]
[PlyCount "43"]
[EventDate "2009.03.31"]
[EventType "swiss"]
[EventRounds "9"]
[EventCountry "GER"]
[SourceTitle "EXT 2010"]
[Source "ChessBase"]
[SourceDate "2010.11.25"]
[SourceVersion "1"]
[SourceVersionDate "2010.11.25"]
[SourceQuality "1"]

1. e4 e5 2. Nf3 Nc6 3. Bc4 Bc5 4. c3 h6 5. d4 exd4 6. cxd4 Bb4+ 7. Nc3 d6 8. h3 Nge7 9. d5 Ne5 10. Qa4+ Bd7 11. Qxb4 N7g6 12. Nxe5 Nxe5 13. Bf4 Ng6 14. Bg3 0-0 15. 0-0 f5 16. exf5 Bxf5 17. Rad1 Qg5 18. Bd3 h5 19. h4 Qf6 20. Bxf5 Qxf5 21. Qe4 Qf6 22. Qe6+ 1-0

[Event "GER-ch Seniors-A 20th"]
[Site "Erfurt"]
[Date "2008.08.11"]
[Round "7"]
[White "Podolnyy, Jakiv"]
[Black "Reer, Erdmann"]
[Result "1/2-1/2"]
[WhiteElo "1841"]
[BlackElo "1887"]
[PlyCount "148"]
[EventDate "2008.08.05"]
[EventType "swiss"]
[EventRounds "9"]
[EventCountry "GER"]
[SourceTitle "CBM 126 Extra"]
[Source "ChessBase"]
[SourceDate "2008.11.05"]
[SourceVersion "1"]
[SourceVersionDate "2008.11.05"]
[SourceQuality "1"]

1. e4 c6 2. d4 d5 3. exd5 cxd5 4. c4 e6 5. Nc3 Nf6 6. Nf3 Be7 7. cxd5 exd5 8. Bb5+ Bd7 9. Bxd7+ Nbxd7 10. Qb3 Qb6 11. Nxd5 Nxd5 12. Qxd5 Nf6 13. Qe5 0-0 14. 0-0 Rfe8 15. Qf5 Rad8 16. h3 Rd5 17. Qc2 h6 18. Be3 Rb5 19. b3 Nd5 20. Bd2 Bf6 21. Rfe1 Rd8 22. Qe4 Ne7 23. Bc3 Rc8 24. Qd3 Nd5 25. Rac1 g6 26. Bd2 Rxc1 27. Rxc1 Bg7 28. Qc4 Ne7 29. Be3 Rd5 30. a3 Qd8 31. Qc7 Kf8 32. Qxd8+ Rxd8 33. Rc7 Rb8 34. Bf4 Nd5 35. Rxf7+ Kxf7 36. Bxb8 a6 37. Kf1 Ke6 38. Ke2 Ne7 39. Kd3 Kd5 40. Be5 Bf8 41. b4 b5 42. Ne1 Nc6 43. Bf6 a5 44. bxa5 Nxa5 45. Nc2 Nc4 46. Nb4+ Ke6 47. Bh8 Nxa3 48. Kc3 Nc4 49. g4 h5 50. Nd3 hxg4 51. hxg4 Bd6 52. Bg7 Nb6 53. Be5 Nd5+ 54. Kb3 Be7 55. Nf4+ Nxf4 56. Bxf4 Kd5 57. Be5 g5 58. f3 Ke6 59. Kc3 Kd5 60. Bc7 b4+ 61. Kd3 Bf6 62. Ba5 Bxd4 63. Bxb4 Bf6 64. Bc3 Be7 65. Bd4 Bd8 66. Be3 Bf6 67. f4 gxf4 68. Bxf4 Be7 69. Ke3 Bf6 70. Kf3 Ke6 71. Ke4 Bd8 72. Bc1 Be7 73. Kf4 Bd8 74. Bb2 Be7 1/2-1/2

[Event "GER-ch Seniors-A 20th"]
[Site "Erfurt"]
[Date "2008.08.05"]
[Round "1"]
[White "Podolnyy, Jakiv"]
[Black "Wojtkowiak, Horst"]
[Result "1-0"]
[WhiteElo "1841"]
[BlackElo "1677"]
[PlyCount "89"]
[EventDate "2008.08.05"]
[EventType "swiss"]
[EventRounds "9"]
[EventCountry "GER"]
[SourceTitle "CBM 126 Extra"]
[Source "ChessBase"]
[SourceDate "2008.11.05"]
[SourceVersion "1"]
[SourceVersionDate "2008.11.05"]
[SourceQuality "1"]

1. e4 c5 2. Nf3 Nc6 3. d4 cxd4 4. Nxd4 d6 5. Bc4 e6 6. 0-0 Nf6 7. Nc3 a6 8. a4 Be7 9. Kh1 0-0 10. f4 Bd7 11. Nxc6 Bxc6 12. Qe2 Qc7 13. Bd3 Rac8 14. a5 d5 15. e5 Ne4 16. Be3 f5 17. exf6 Bxf6 18. Bxe4 dxe4 19. Bb6 Qf7 20. Qe3 Bxc3 21. bxc3 Bd5 22. Bd4 Qf5 23. Qg3 Rf7 24. Rf2 Re8 25. h3 h6 26. Kh2 Rc8 27. Qe3 h5 28. Rg1 g5 29. Qg3 h4 30. Qxg5+ Qxg5 31. fxg5 Rxf2 32. Bxf2 Rxc3 33. Rc1 e3 34. Bxh4 Be4 35. Be1 Rxc2 36. Rxc2 Bxc2 37. Kg3 e2 38. Kf3 Bd3 39. g4 Kf7 40. Kf4 Bb5 41. h4 Bc6 42. Ke5 Bf3 43. Kf4 Bd5 44. Bc3 Bb3 45. h5 1-0

[Event "Leipzig VfB op 15th"]
[Site "Leipzig"]
[Date "2008.02.28"]
[Round "3"]
[White "Podolnyy, Jakiv"]
[Black "Kaiser, Michael"]
[Result "1-0"]
[WhiteElo "2032"]
[BlackElo "1841"]
[PlyCount "55"]
[EventDate "2008.02.26"]
[EventType "swiss"]
[EventRounds "9"]
[EventCountry "GER"]
[SourceTitle "CBM 123 Extra"]
[Source "ChessBase"]
[SourceDate "2008.05.06"]
[SourceVersion "1"]
[SourceVersionDate "2008.05.06"]
[SourceQuality "1"]

1. e4 e6 2. d4 d5 3. Nd2 Nc6 4. c3 e5 5. Ngf3 exd4 6. cxd4 Nf6 7. e5 Ne4 8. Bd3 Bg4 9. Nxe4 Bxf3 10. gxf3 dxe4 11. Bxe4 Bb4+ 12. Kf1 0-0 13. Be3 Ba5 14. Rc1 Re8 15. Rxc6 bxc6 16. Bxc6 Rb8 17. Bxe8 Qxe8 18. b3 Qb5+ 19. Qe2 Qd7 20. Rg1 Qh3+ 21. Rg2 Rb6 22. Kg1 Rg6 23. Rg3 Bb6 24. Qb5 c6 25. Qd3 Qh5 26. Qe4 Re6 27. Rg5 Qh3 28. Qg4 1-0

[Event "Leipzig VfB op 14th"]
[Site "Leipzig"]
[Date "2007.03.24"]
[Round "7"]
[White "Podolnyy, Jakiv"]
[Black "Baumert, Andre"]
[Result "1-0"]
[WhiteElo "2023"]
[BlackElo "1906"]
[PlyCount "61"]
[EventDate "2007.03.20"]
[EventType "swiss"]
[EventRounds "9"]
[EventCountry "GER"]
[SourceTitle "EXT 2008"]
[Source "ChessBase"]
[SourceDate "2007.11.25"]
[SourceVersion "1"]
[SourceVersionDate "2007.11.25"]
[SourceQuality "1"]

1. e4 c5 2. c3 b6 3. d4 Bb7 4. d5 Nf6 5. Bd3 c4 6. Bc2 e6 7. dxe6 dxe6 8. Qe2 b5 9. Bg5 Qc7 10. Nf3 Nbd7 11. Nbd2 h6 12. Be3 Ng4 13. a4 Nxe3 14. Qxe3 Bc5 15. Qe2 a6 16. axb5 axb5 17. 0-0 0-0 18. b3 Nb6 19. b4 Be7 20. Nd4 Qd7 21. N2f3 Rxa1 22. Rxa1 Ra8 23. Rd1 Qe8 24. Qe3 Bd8 25. h3 Ra3 26. Nxb5 Qxb5 27. Rxd8+ Kh7 28. e5+ g6 29. Qf4 f5 30. exf6 Nd5 31. Rxd5 1-0

[Event "GER-ch Seniors 18th"]
[Site "Dresden"]
[Date "2006.07.30"]
[Round "9"]
[White "Baudner, Giselbert"]
[Black "Podolnyy, Jakiv"]
[Result "0-1"]
[WhiteElo "1760"]
[BlackElo "1821"]
[PlyCount "122"]
[EventDate "2006.07.22"]
[EventType "swiss"]
[EventRounds "9"]
[EventCountry "GER"]
[SourceTitle "EXT 2022"]
[Source "ChessBase"]
[SourceDate "2021.10.06"]
[SourceVersion "1"]
[SourceVersionDate "2021.10.06"]
[SourceQuality "1"]

1. c4 e5 2. Nc3 Nf6 3. d3 h6 4. e4 Bc5 5. h3 c6 6. Nf3 d6 7. Be2 0-0 8. 0-0 a6 9. Kh1 Be6 10. d4 exd4 11. Nxd4 Re8 12. Nxe6 Rxe6 13. f3 Nh5 14. Qe1 b5 15. a3 Nd7 16. Bd2 Nb6 17. f4 Nf6 18. cxb5 axb5 19. f5 Re8 20. Bf3 Nc4 21. Bc1 b4 22. Nd1 bxa3 23. bxa3 d5 24. Qc3 Nxe4 25. Bxe4 Rxe4 26. Qg3 Bd6 27. Qd3 Qf6 28. Ra2 Qe5 29. g4 Re1 30. Qf3 Rxf1+ 31. Qxf1 Qe4+ 32. Rg2 Bxa3 33. Bf4 Bb4 34. Kh2 Bd6 35. Bxd6 Nxd6 36. Re2 Qd4 37. Qf3 Ne4 38. Nf2 Nd2 39. Qd3 Qxd3 40. Nxd3 Ne4 41. Nf4 Kf8 42. Rc2 Ra6 43. Nd3 Rb6 44. Ne5 Ke7 45. Nxc6+ Kd6 46. Nd4 Rb4 47. Nf3 d4 48. Ra2 f6 49. Kg2 d3 50. Ra7 Rb2+ 51. Kg1 d2 52. Nxd2 Rxd2 53. Rxg7 Ke5 54. Rg6 Kf4 55. Kf1 Ke3 56. Rg8 Rh2 57. Re8 Kf3 58. Kg1 Rxh3 59. Ra8 Kxg4 60. Ra4 Kxf5 61. Kg2 Rb3 0-1

[Event "GER-ch Seniors 18th"]
[Site "Dresden"]
[Date "2006.07.26"]
[Round "5"]
[White "Schmieder, Horst"]
[Black "Podolnyy, Jakiv"]
[Result "0-1"]
[WhiteElo "1596"]
[BlackElo "1821"]
[PlyCount "48"]
[EventDate "2006.07.22"]
[EventType "swiss"]
[EventRounds "9"]
[EventCountry "GER"]
[SourceTitle "EXT 2022"]
[Source "ChessBase"]
[SourceDate "2021.10.06"]
[SourceVersion "1"]
[SourceVersionDate "2021.10.06"]
[SourceQuality "1"]

1. d4 d5 2. Nf3 Nf6 3. e3 Bg4 4. Be2 e6 5. 0-0 h6 6. Nbd2 a6 7. a3 c5 8. c3 Nc6 9. h3 Bf5 10. Re1 c4 11. b3 cxb3 12. Qxb3 Qc7 13. c4 Be7 14. c5 0-0 15. Nh4 Bh7 16. f4 Rab8 17. Nhf3 b6 18. cxb6 Rxb6 19. Qa4 Nb8 20. Bd1 Qc3 21. Kf2 Qxa1 22. Nb3 Rxb3 23. Bxb3 Qc3 24. Bd2 Ne4+ 0-1

[Event "GER-ch Seniors 18th"]
[Site "Dresden"]
[Date "2006.07.22"]
[Round "1"]
[White "Bogorad, Michail"]
[Black "Podolnyy, Jakiv"]
[Result "1-0"]
[WhiteElo "2235"]
[BlackElo "2023"]
[PlyCount "92"]
[EventDate "2006.07.22"]
[EventType "swiss"]
[EventRounds "9"]
[EventCountry "GER"]
[SourceTitle "CBM 113 Extra"]
[Source "ChessBase"]
[SourceDate "2006.09.14"]
[SourceVersion "1"]
[SourceVersionDate "2006.09.14"]
[SourceQuality "1"]

1. e4 e5 2. f4 exf4 3. Nf3 Be7 4. Bc4 Nf6 5. Nc3 Nxe4 6. Bxf7+ Kxf7 7. Nxe4 d5 8. Nf2 Bd6 9. 0-0 Rf8 10. d4 Nc6 11. c4 dxc4 12. Qc2 Kg8 13. Qxc4+ Kh8 14. Bd2 Bf5 15. Rae1 Qf6 16. Ne4 Bxe4 17. Rxe4 Rae8 18. Rfe1 Rxe4 19. Rxe4 Qf5 20. Qe2 a6 21. Bc3 Qd5 22. b3 b5 23. h4 Qh5 24. a4 h6 25. Re6 Qd5 26. Re8 Qh5 27. Rxf8+ Bxf8 28. Qe4 Ne7 29. Qxf4 Ng6 30. Qxc7 b4 31. Be1 Qg4 32. Qg3 Qe4 33. Bd2 Be7 34. Qe1 Qg4 35. h5 Qxh5 36. Bxb4 Bf6 37. Qe8+ Kh7 38. Qe4 Kg8 39. Be1 Ne7 40. Qe6+ Kh8 41. Qxa6 Qg4 42. a5 Ng6 43. Bf2 Nf4 44. Qf1 Be7 45. a6 Qd7 46. Ne5 Qd5 1-0

[Event "Leipzig VfB op 13th"]
[Site "Leipzig"]
[Date "2006.03.19"]
[Round "9"]
[White "Bulano, Alexander"]
[Black "Podolnyy, Jakiv"]
[Result "0-1"]
[WhiteElo "1867"]
[BlackElo "2039"]
[PlyCount "76"]
[EventDate "2006.03.14"]
[EventType "swiss"]
[EventRounds "9"]
[EventCountry "GER"]
[SourceTitle "EXT 2008"]
[Source "ChessBase"]
[SourceDate "2007.11.25"]
[SourceVersion "1"]
[SourceVersionDate "2007.11.25"]
[SourceQuality "1"]

1. c4 e5 2. g3 Nf6 3. Bg2 c6 4. a3 d5 5. cxd5 cxd5 6. Nc3 Nc6 7. d3 h6 8. b4 a6 9. Bb2 Be7 10. e3 Bg4 11. Nge2 Rc8 12. h3 Be6 13. 0-0 b5 14. d4 e4 15. Na2 Bd6 16. Nac1 Qd7 17. Kh2 a5 18. bxa5 Nxa5 19. Bc3 Nc4 20. Bb4 0-0 21. Nb3 Nb2 22. Qd2 Nd3 23. Nf4 Nxb4 24. axb4 Qe7 25. Nc5 g5 26. Ncxe6 gxf4 27. Nc5 fxg3+ 28. fxg3 Nh5 29. Rf4 Bxf4 30. gxf4 Qh4 31. Rg1 Kh8 32. Qe2 Rg8 33. Qxb5 Qg3+ 34. Kh1 Qxe3 35. Qd7 Ng3+ 36. Kh2 Qxf4 37. Rh1 Nxh1+ 38. Kxh1 Ra8 0-1